Normal view
MARC view
- Personality of Hazrat Muhammad(PBUH)
Entry Topical Term
001 - CONTROL NUMBER
- control field: 20904
003 - CONTROL NUMBER IDENTIFIER
- control field: NUST
005 - DATE AND TIME OF LATEST TRANSACTION
- control field: 20190918133333.0
008 - FIXED-LENGTH DATA ELEMENTS
- fixed length control field: 190918|| aca||aabn | a|a d
040 ## - CATALOGING SOURCE
- Original cataloging agency: NUST
- Transcribing agency: NUST
150 ## - HEADING--TOPICAL TERM
- Topical term or geographic name entry element: Personality of Hazrat Muhammad(PBUH)
670 ## - SOURCE DATA FOUND
- Source citation: Work cat.: (NUST): Abdul Waheed 20903, The personality of Allah's last messenger Muhammad, c2010
